000 00474nam a22001697a 4500
005 20251108171950.0
008 250721s1991 xx 000 0 ara d
082 1 4 _a812.9565/محم
100 1 _aالظاهر، محمد أحمد
245 1 0 _aإنتقام إمرأة /
264 1 _aعمان :
_bدار النهضة للنشر،
_c1991.
300 _a84ص
650 1 7 _aالمسرحية العربية
650 1 7 _aالأردن
942 _2ddc
_cBK
999 _c67083
_d67083